ਸਿੱਨਣੀਆਂ (Record no. 296615)

MARC details
000 -LEADER
fixed length control field 00765nam a2200241Ia 4500
003 - CONTROL NUMBER IDENTIFIER
control field OSt
005 - DATE AND TIME OF LATEST TRANSACTION
control field 20220923211206.0
008 - FIXED-LENGTH DATA ELEMENTS--GENERAL INFORMATION
fixed length control field Pun
020 ## - INTERNATIONAL STANDARD BOOK NUMBER
International Standard Book Number 9385609157 (pbk)
037 ## - SOURCE OF ACQUISITION
Terms of availability Textual
040 ## - CATALOGING SOURCE
Original cataloging agency ARTS
Transcribing agency ARTS
Language of cataloging Pun
041 ## - LANGUAGE CODE
Source of code Pun
Language code of text/sound track or separate title Pun
100 ## - MAIN ENTRY--PERSONAL NAME
Personal name ਚਰਨਜੀਤ
9 (RLIN) 159392
245 #0 - TITLE STATEMENT
Title ਸਿੱਨਣੀਆਂ
Remainder of title ਵਿਆਹ ਦੇ ਗੀਤ
260 ## - PUBLICATION, DISTRIBUTION, ETC.
Place of publication, distribution, etc. ਸਮਾਣਾ
Name of publisher, distributor, etc. ਨਵਰੰਗ ਪਬਲੀਕੇFਨਗ਼
Date of publication, distribution, etc. 2016
300 ## - PHYSICAL DESCRIPTION
Extent 320ਪੰ
Dimensions cm.
942 ## - ADDED ENTRY ELEMENTS (KOHA)
Classification part Y73(P153):351, 153Q6
Koha item type Textual
Source of classification or shelving scheme Colon Classification (CC)
Holdings
Withdrawn status Lost status Damaged status Not for loan Home library Current library Date acquired Source of acquisition Cost, normal purchase price Total Checkouts Full call number Barcode Date last seen Cost, replacement price Price effective from Koha item type
        Arts Library Arts Library 2022-09-23 1017, 09/03/2016, H.K. Prakashan 200.00   Y73(P153):351 153Q6 AL1628739 2022-09-23 200.00 2022-09-23 Textual
Copyright @ Delhi University Library System